logo

Bir Sreshtho Munshi Abdur Rouf Library
Jhenaidah Cadet College

Rise and fall of the Mughal empire / (Record no. 9836)

MARC details
000 -LEADER
fixed length control field 00657cam a22002417 4500
001 - CONTROL NUMBER
JCCL Control Number 9836
003 - CONTROL NUMBER IDENTIFIER
JCCL marc code BD-JhCC
005 - DATE AND TIME OF LATEST TRANSACTION
control field 20180402103552.0
008 - FIXED-LENGTH DATA ELEMENTS--GENERAL INFORMATION
fixed length control field 180402s1956 ii 000 0 eng
035 ## - SYSTEM CONTROL NUMBER
system control number (BD-JhCC)9836
040 ## - CATALOGING SOURCE
Original cataloging agency DLC
Transcribing agency DLC
Modifying agency DLC
-- BD-JhCC
041 ## - LANGUAGE CODE
Language code of Book eng
050 00 - LIBRARY OF CONGRESS CALL NUMBER
Classification number 4DS Ind 275
051 ## - LIBRARY OF CONGRESS COPY, ISSUE, OFFPRINT STATEMENT
Classification number 4DS Ind 275 Copy 2
082 ## - DEWEY DECIMAL CLASSIFICATION NUMBER
Author mark and Year TRI 1956
Classification number 950.2
100 1# - MAIN ENTRY--PERSONAL NAME
Personal name Tripathi, Ram Prasad. [from old catalog]
245 00 - TITLE STATEMENT
Title Rise and fall of the Mughal empire /
Statement of responsibility, etc Ram Prasad Tripathi,
260 ## - PUBLICATION, DISTRIBUTION, ETC. (IMPRINT)
Place of publication, distribution, etc Allahbad :
Name of publisher, distributor, etc Central Book Depot,
Date of publication, distribution, etc 1956.
300 ## - PHYSICAL DESCRIPTION
Pagination 527 p.
Dimensions 22 cm.
650 ## - SUBJECT ADDED ENTRY--TOPICAL TERM
Topical term or geographic name as entry element India--Mogul Empire
942 ## - ADDED ENTRY ELEMENTS (KOHA)
Source of classification or shelving scheme Dewey Decimal Classification
Koha item type Books
Holdings
Source of classification or shelving scheme Damaged status Not for loan Home library Current library Shelving location Date of accession Total Checkouts Full call number Barcode Date last seen Copy number Koha item type
Dewey Decimal Classification     JCC Rouf Library JCC Rouf Library General Stacks 04/02/2018   950.2 TRI 1956 13323 04/02/2018 C-1 Books

JCC Library | Contacts | JCC Home

Last Update on 23 September 2017
Copyright @ 2017-2020 JCC Rouf Library
Rouf Library, Jhenidah Cadet College (JCC), Bangladesh